Countries That Start with A with Hints - Statistics

General Stats
  • This quiz has been taken 39 times
  • The average score is 9 of 11
Answer Stats
Hint Answer % Correct
Famous for koalasand kangaroos Australia
100%
A Caribbean country Antigua and Barbuda
94%
In the Alps Austria
94%
Where Pope Franciscomes from Argentina
91%
Invaded in 1979 by the USSR Afghanistan
86%
Borders Russia Azerbaijan
86%
An Arab country Algeria
83%
The president of Franceis one of its co-dukes Andorra
83%
Has been a memberof the Warsaw Pact Albania
77%
An element of its flag resemblesthe sickle and hammer Angola
77%
Known as Hayastanby its inhabitants Armenia
74%
No matching quizzes found
Score Distribution
Percent of People with Each Score
Percentile by Number Answered
Your Score History
You have not taken this quiz